Los Derechos Humanos: Una Nueva Conciencia Internacional /

שמור ב:
מידע ביבליוגרפי
מחבר ראשי: Buergenthal, Thomas (autor)
מחברים אחרים: Torney, Judith U. (autor) (autor)
פורמט: ספר
שפה:ספרדית
נושאים:
תגים: הוספת תג
אין תגיות, היה/י הראשונ/ה לתייג את הרשומה!

MARC

LEADER 00000nam^a2200000^a^4500
001 000031861
005 20250521000000.0
009 20260310085056.98
037 |a Acervo ITESO - Biblioteca 
041 |a ESP 
082 |a 323. 4  |b BUE 
100 |a Buergenthal, Thomas  |e (autor) 
245 1 4 |a Los Derechos Humanos: Una Nueva Conciencia Internacional /  |c T. Buergenthal; et. al.; pról. de: Patricia M. Derian; tr. por: Floreal Mazía. 
264 |a Buenos Aires, Argentina :  |b Edisar,  |c 1977 
300 |a 247 p. 
336 |a texto  |b txt  |2 rdacontenido 
337 |a sin mediación  |b n  |2 rdamedio 
338 |a volumen  |b nc  |2 rdasoporte 
500 |a Traducción de: International Human Rights and International Education 
649 |a XX 
650 |a Derecho Internacional 
650 |a Derechos Humanos 
700 |a Torney, Judith U.  |e (autor) 
910 |a Fondo General 
920 |a Impresos - Libros 
930 |a Colección General 
905 |a 101 
901 |a 0318610100  |b IT1  |c ACC  |i 031861  |u 20250521 
902 |a https://opac.biblio.iteso.mx/vufind/Record/000031861